|
|
|
|
| LEADER |
00000nab a2200000 a 4500 |
| 001 |
vtls000739687 |
| 003 |
SK-MaSNL |
| 005 |
20260304173132.0 |
| 008 |
040806c2000 xo 0 cze |
| 015 |
|
|
|a SNBRB2000/12-29222
|
| 035 |
|
|
|a CLN000091541
|
| 040 |
|
|
|a SNKBUCL
|b slo
|c SNKBUCL
|e AACR2
|
| 041 |
0 |
|
|a slo
|
| 044 |
|
|
|a xo
|c SK
|
| 080 |
|
|
|a 658.8.012.43
|2 UDC-MRF-SK2
|
| 080 |
|
|
|a 658.114.012.43:658.8
|2 UDC-MRF-SK2
|
| 100 |
1 |
|
|a Scherhaufer, Tibor
|4 ain
|9 382552
|
| 245 |
1 |
0 |
|a Finanční měřitelnost zpřesňuje marketingové řízení
|c Tibor Scherhaufer, Ivan Bureš
|
| 650 |
0 |
7 |
|a firmy
|x manažment marketingový
|x efektívnosť marketingová
|2 snkbucl
|9 1503288
|
| 650 |
0 |
7 |
|a marketingový manažment
|2 snkbucl
|9 1715
|
| 650 |
0 |
7 |
|a efektívnosť
|2 snkbucl
|9 279683
|
| 655 |
|
7 |
|a články z novín a časopisov
|2 snkbucl
|9 267496
|
| 700 |
1 |
|
|a Bureš, Ivan
|4 aut
|4 uin
|9 306387
|
| 773 |
0 |
|
|x 1335-7034
|t Marketing - praktické rady
|g Č. 10 (2000), s. 197-202
|
| 850 |
|
|
|a Slovenská národná knižnica v Martine
|
| 852 |
|
|
|a SNK
|b KIS3GCP
|
| 999 |
|
|
|c 3001721
|d 3003651
|